Masterpieces in the Victoria & Albert museum
Guardat en:
| Format: | Llibre |
|---|---|
| Idioma: | espanyol |
| Publicat: |
Londres
Majesty's stationery office
1952
|
| Matèries: | |
| Etiquetes: |
Afegir etiqueta
Sense etiquetes, Sigues el primer a etiquetar aquest registre!
|
MARC
| LEADER | 00000nam a2200000 a 4500 | ||
|---|---|---|---|
| 001 | UCZ7875 | ||
| 003 | CL-VaPUC | ||
| 008 | 960112e19520000UK |||||||||||||||||spa|d | ||
| 082 | 0 | 4 | |a 708.2 |b MAS |2 21 |
| 245 | 1 | 0 | |a Masterpieces in the Victoria & Albert museum |
| 942 | |c BK | ||
| 945 | |d 19960112 00:00:00 |a mcarcey | ||
| 260 | |a Londres |b Majesty's stationery office |c 1952 | ||
| 650 | 0 | |a Arte medieval |9 267894 | |
| 650 | 0 | |a Museos |9 269209 | |
| 650 | 0 | |a Arte británico |9 352880 | |
| 650 | 0 | |a Arte italiano |9 265547 | |
| 650 | 0 | |a Renacimiento |9 255107 | |
| 650 | 7 | |a ESCULTURA ITALIANA |2 CL-VaPUC |9 329274 | |
| 583 | |a last modification |c 19960112 00:00:00 |k Rodrigo Vera | ||
| 999 | |c 243867 |d 243865 | ||
| 952 | |0 0 |1 0 |4 0 |6 708_200000000000000_MAS_1952 |7 0 |8 A |9 257702 |a BIBART |b BIBART |d 2019-11-19 |i 3143309 |o 708.2 MAS 1952 |p 3143309 |r 2025-03-13 |w 2019-11-19 |y BK |k ART | ||